00393nam a2200133Ia 4500008004100000041000800041082002000049100004100069245007500110260003200185300000800217502001700225999001700242230128s9999 xx 000 0 und d aeng aGIR PR0447bGIR aGirigosavi Shital - 2K910439118915 aDeveloping a Leadership Module for Bharat Forge Limited, Mundhwa, Pune c2011bPune UniversityaPune a59p cKetkar Leela c97213d97213